XVI asamblea general / (Registro nro. 3655)

Detalles MARC
000 -CABECERA
Campo de control 00988nam a2200241 a 4500
005 - FECHA Y HORA DE LA ULTIMA TRANSACCION
Campo de control 20160126165519.0
008 - ELEMENTOS DE LONGITUD FIJA—INFORMACION GENERAL
Campo de control 090902s2002 ck a gr 00010 spa d
015 ## - NATIONAL BIBLIOGRAPHY NUMBER
National bibliography number ck-2002-xxxx
040 ## - FUENTE DE CATALOGACIÓN
Agencia catalogadora original CO-BoBLA
Agencia transcriptora CO-BoBLA
Agencia Modificadora CO-BoIAVH
041 ## - IDIOMA
Código de idioma para texto/pista de sonido o título separado Español
043 ## - GEOGRAPHIC AREA CODE
Geographic area code s-ck---
082 04 - NUMERO DE CLASIFICACION DECIMAL DEWEY
Número de clasificación 918.6151
Número del ítem F85a
110 2# - ASIENTO PRINCIPAL--NOMBRE CORPORATIVO
Nombre corporativo o de jurisdicción como elemento de entrada Fundación Pro-Sierra Nevada de Santa Marta.
245 13 - MENCION DE TITULO
Título XVI asamblea general /
Mención de responsabilidad Fundación Pro-Sierra Nevada de Santa Marta ; texto y diseño Patricia Apreza Loaiza.
260 3# - PUBLICACION, DISTRIBUCION, ETC. (PIE DE IMPRENTA)
Lugar de publicación, distribución, etc. Santa Marta :
Nombre del editor, distribuidor, etc. Fundaci�on Pro-Sierra Nevada de Santa Marta,
Fecha de publicación, distribución, etc. 2002.
300 ## - DESCRIPCION FISICA
Extensión 67 paginas. :
Otros detalles físicos ilustraciones. ;
Dimensiones 27 cm.
610 26 - ASIENTO SECUNDARIO DE MATERIA - NOMBRE CORPORATIVO
Nombre corporativo o nombre de la jurisdicción como elemento de entrad Fundacion Pro-Sierra Nevada de Santa Marta
Subdivisión de forma Informes.
650 #6 - ASIENTO SECUNDARIO DE MATERIA - TERMINO TEMATICO
Término temático o nombre geográfico como elemento de entrada Desarrollo sostenible
Subdivisión geográfica Sierra Nevada de Santa Marta (Colombia)
651 #6 - ASIENTO SECUNDARIO DE MATERIA - NOMBRE GEOGRAFICO
Nombre geográfico Sierra Nevada de Santa Marta (Colombia)
Subdivisión general Aspectos socioeconomicos.
700 1# - ASIENTO SECUNDARIO - NOMBRE PERSONAL
Nombre personal Apreza Loaiza, Patricia.
942 ## - ELEMENTOS ADICIONALES (KOHA)
Sistema de clasificación Dewey Decimal Classification
Tipo de ítem Libro
949 ## - LOCAL PROCESSING INFORMATION (OCLC)
a c
b c
Existencias
Withdrawn status Lost status Sistema de Clasificación Damaged status No para préstamo Colección Inventariado Ubicación Permanente Ubicación actual Fecha de adquisición Total Checkouts Número topográfico Inventario / Código de Barras Date last seen Date checked out Ejemplar Price effective from Tipo de material
    Dewey Decimal Classification     General Inventariado 2017 Bogotá Bogotá 02/02/2004 1 LB-918.6151 F85a 015396 13/11/2019 13/11/2019 Ej. 1 04/12/2012 Libro